[Event "Departementale Loire"]
[Site "?"]
[Date "2003.12.14"]
[Round "1"]
[White "Testard, Philippe"]
[Black "Marazian, Antoine"]
[Result "1-0"]
[WhiteElo "2040"]
[BlackElo "1870"]
[PlyCount "57"]

1. e4 d6 2. d4 g6 3. c4 Bg7 4. Nf3 c5 5. Nc3 cxd4 6. Nxd4 Nc6 7. Nb3 Bd7 8. Be2
Na5 9. Be3 Nxb3 10. axb3 Nf6 11. O-O Qb8 12. f3 O-O 13. Qd2 Bc6 14. Ra3 Rd8 15.
Rfa1 b6 16. b4 Rd7 17. Qe1 e6 18. Bf2 d5 19. Bg3 Qf8 20. b5 Bb7 21. cxd5 exd5
22. e5 Nh5 23. Rxa7 Rxa7 24. Rxa7 Nxg3 25. Qxg3 Qb4 26. e6 Bd4+ 27. Kf1 Qxb2
28. exd7 Qxc3 29. d8=Q+ 1-0

[Event "Departementale Loire"]
[Site "?"]
[Date "2003.12.14"]
[Round "1"]
[White "Bournez, Gerard"]
[Black "Celette, Robert"]
[Result "0-1"]
[WhiteElo "1430"]
[BlackElo "2080"]
[PlyCount "88"]

1. e4 e5 2. Bc4 Nf6 3. Nc3 Bc5 4. Nf3 d6 5. h3 Nc6 6. a3 O-O 7. d3 h6 8. Nd5
Nxd5 9. Bxd5 Ne7 10. Ba2 Kh8 11. d4 exd4 12. Nxd4 f5 13. Qd3 Bxd4 14. Qxd4 Nc6
15. Qc3 Qh4 16. g3 Qxe4+ 17. Kd2 Qxh1 18. Qe3 Bd7 19. b4 Qe4 20. Bb2 Qxe3+ 21.
fxe3 Rae8 22. Rf1 Ne5 23. Bd4 Bc6 24. c4 Nf3+ 25. Kc3 Nxd4 26. Kxd4 Re4+ 27.
Kd3 Rfe8 28. Re1 g5 29. Kd2 f4 30. gxf4 gxf4 31. b5 fxe3+ 32. Kd3 Bd7 33. Bb1
d5 34. Ba2 a6 35. a4 axb5 36. axb5 Bf5 37. Kc3 d4+ 38. Kb2 d3 39. Bb3 d2 40.
Re2 Bxh3 41. Bc2 Bg4 42. Rh2 e2 43. Rxh6+ Kg7 44. Bxe4 Kxh6 0-1

[Event "Departementale Loire"]
[Site "?"]
[Date "2003.12.14"]
[Round "1"]
[White "Chomier, Frederic"]
[Black "Rivolier, Loic"]
[Result "1-0"]
[WhiteElo "2050"]
[BlackElo "1380"]
[PlyCount "87"]

1. e4 e5 2. Nf3 Nf6 3. Nxe5 d6 4. Nf3 Nxe4 5. d4 d5 6. Bd3 Nc6 7. O-O Be7 8.
Re1 Nf6 9. Nbd2 O-O 10. Nf1 Nb4 11. Be2 Bf5 12. Ne3 Be6 13. c3 Nc6 14. Ng5 Nd7
15. Nxe6 fxe6 16. Bg4 Rf6 17. Nf1 e5 18. Bxd7 Qxd7 19. dxe5 Nxe5 20. Rxe5 Raf8
21. Be3 c6 22. Rxe7 Qxe7 23. Bg5 Qe5 24. Bxf6 Rxf6 25. Qd4 Qe2 26. Qd2 Rxf2 27.
Qxe2 Rxe2 28. Rb1 Kf7 29. Ng3 Re7 30. Kf2 c5 31. Re1 d4 32. Rxe7+ Kxe7 33. cxd4
cxd4 34. Nf5+ Ke6 35. Nxd4+ Kd5 36. Ke3 a6 37. Kd3 b5 38. Nf5 g6 39. Ne3+ Kc5
40. Ng4 h5 41. Ne5 g5 42. g3 h4 43. g4 Kd5 44. Nf3 1-0

[Event "Departementale Loire"]
[Site "?"]
[Date "2003.12.14"]
[Round "1"]
[White "Thevenet, Olivier"]
[Black "Boblin, Laurent"]
[Result "0-1"]
[WhiteElo "1499"]
[BlackElo "1940"]
[PlyCount "80"]

1. e4 c6 2. d4 d5 3. Nd2 dxe4 4. Nxe4 Nd7 5. Nf3 Ngf6 6. Ng3 e6 7. Bg5 Qc7 8.
Bc4 h6 9. Be3 Bd6 10. O-O O-O 11. Qd2 Ng4 12. h3 Nxe3 13. fxe3 Bxg3 14. c3 Nf6
15. Bb3 b6 16. Qd3 Bb7 17. e4 c5 18. e5 Nh5 19. Bc2 g6 20. Rad1 Rac8 21. Bb1
Nf4 22. Qd2 Kg7 23. Rc1 Qc6 24. Kh1 Nh5 25. Qd3 Bf4 26. Rc2 Ng3+ 27. Kg1 Nxf1
28. Qxf1 Be3+ 29. Kh1 Qe4 30. Qd1 cxd4 31. cxd4 Rxc2 32. Bxc2 Qf4 33. Qe1 Rc8
34. Qe2 Be4 35. Bxe4 Rc1+ 36. Ne1 Qxe4 37. b3 Qb1 38. Qxe3 Rxe1+ 39. Qxe1 Qxe1+
40. Kh2 Qd2 0-1

[Event "Departementale Loire"]
[Site "?"]
[Date "2003.12.14"]
[Round "1"]
[White "Petit, Didier"]
[Black "Farge, Damien"]
[Result "1-0"]
[WhiteElo "1920"]
[BlackElo "1610"]
[PlyCount "71"]

1. d4 d5 2. Nf3 Nf6 3. Nbd2 c6 4. e3 Bf5 5. Be2 g6 6. a3 Bg7 7. O-O O-O 8. Nh4
Be6 9. Bd3 Nbd7 10. c3 a6 11. f4 Ng4 12. Nhf3 Nb6 13. f5 Bd7 14. h3 Nh6 15. Ne5
e6 16. f6 Bxf6 17. Ndf3 Nf5 18. e4 Ng3 19. Re1 dxe4 20. Bxe4 Nxe4 21. Rxe4 Nc8
22. Bh6 Bg7 23. Bxg7 Kxg7 24. Qd2 Nd6 25. Rh4 Nf5 26. Re4 b6 27. Rae1 Nd6 28.
Rh4 Nf5 29. Rf4 h5 30. g4 hxg4 31. Rxg4 Rh8 32. Qg2 Be8 33. Ng5 Ra7 34. Nxg6
Bd7 35. Nxh8 Qxh8 36. Nxe6+ 1-0

[Event "Departementale Loire"]
[Site "?"]
[Date "2003.12.14"]
[Round "1"]
[White "Rogues, Jean-Luc"]
[Black "Clement, Paul"]
[Result "0-1"]
[WhiteElo "1530"]
[BlackElo "1850"]
[PlyCount "122"]

1. d4 Nf6 2. c4 e5 3. e3 exd4 4. exd4 Bb4+ 5. Bd2 Qe7+ 6. Be2 O-O 7. a3 Bxd2+
8. Qxd2 d5 9. c5 Bg4 10. f3 Bf5 11. Nc3 Nc6 12. Kf2 Qd7 13. Bd3 Nxd4 14. Nge2
Nxe2 15. Nxe2 Rfe8 16. Rhe1 h6 17. Nd4 Bxd3 18. Qxd3 Rxe1 19. Rxe1 Re8 20. b4
Rxe1 21. Kxe1 Qe7+ 22. Kf2 Qe5 23. g3 a6 24. Qe3 Qxe3+ 25. Kxe3 g6 26. h3 c6
27. Nb3 Kf8 28. Na5 Ke7 29. Nxb7 Ne8 30. Kd4 Nc7 31. Na5 Kd7 32. Nb3 f6 33. Ke3
Nb5 34. a4 Na3 35. Kd3 Nc4 36. Kc3 Ne3 37. Nd4 h5 38. g4 h4 39. Ne2 Nd1+ 40.
Kd4 Nf2 41. Ng1 Ke6 42. f4 g5 43. f5+ Kd7 44. b5 axb5 45. axb5 cxb5 46. Kxd5
Nd3 47. Ne2 Ne5 48. Nd4 b4 49. c6+ Nxc6 50. Kc4 Nxd4 51. Kxd4 Kd6 52. Kc4 Ke5
53. Kxb4 Kf4 54. Kc5 Kg3 55. Kd6 Kxh3 56. Ke6 Kxg4 57. Kxf6 h3 58. Kg6 h2 59.
f6 h1=Q 60. f7 Qf1 61. Kg7 Kh3 0-1

[Event "Departementale Loire"]
[Site "?"]
[Date "2003.12.14"]
[Round "1"]
[White "Adamus, Jeremy"]
[Black "Bruyas, Benjamin"]
[Result "1-0"]
[WhiteElo "1780"]
[BlackElo "1250"]
[PlyCount "77"]

1. d4 d5 2. c4 dxc4 3. e4 b5 4. a4 Ba6 5. axb5 Bxb5 6. Na3 c6 7. Bxc4 Bxc4 8.
Nxc4 e6 9. Nf3 Nf6 10. Qc2 c5 11. Qa4+ Nbd7 12. dxc5 Bxc5 13. e5 Nd5 14. O-O
O-O 15. Rd1 N7b6 16. Qb5 Qc7 17. Nxb6 Qxb6 18. Qe2 Rfd8 19. Ra6 Nf4 20. Rxd8+
Rxd8 21. Bxf4 Bxf2+ 22. Kf1 Rd1+ 23. Qxd1 Qxa6+ 24. Kxf2 Qb6+ 25. Qd4 Qa5 26.
h4 h6 27. g4 Qc7 28. Kg3 a5 29. Qe4 Qb6 30. Qc2 Qb5 31. g5 h5 32. g6 fxg6 33.
Qxg6 Qxb2 34. Bh6 Qb7 35. Qxe6+ Kh8 36. Qe8+ Kh7 37. Ng5+ Kxh6 38. Qh8+ Kg6 39.
Qh7# 1-0

[Event "Departementale Loire"]
[Site "?"]
[Date "2003.12.14"]
[Round "1"]
[White "Geraci, Georges"]
[Black "Bazoux, Sebastien"]
[Result "0-1"]
[WhiteElo "1499"]
[BlackElo "1530"]
[PlyCount "84"]

1. e4 c5 2. Nc3 Nc6 3. Bd3 g6 4. Nf3 Bg7 5. O-O d6 6. Re1 Nf6 7. a3 O-O 8. b3
Bg4 9. h3 Bxf3 10. Qxf3 Nd4 11. Qe3 Nd7 12. Bb2 Ne5 13. Nd5 Rc8 14. c3 Nxb3 15.
Rab1 c4 16. Bc2 Nc5 17. Red1 Ned3 18. Qf3 e6 19. Nb4 Ne5 20. Qe2 Qg5 21. Kf1 a5
22. d4 cxd3 23. Nxd3 Qh4 24. Nxe5 Bxe5 25. c4 Qf6 26. Ba1 Bxa1 27. Rxa1 Qe5 28.
f3 Rce8 29. Qd2 Rd8 30. Qxa5 Ra8 31. Qb6 Ra6 32. Qb4 Rfa8 33. Qd2 h5 34. Rab1
Kf8 35. Qh6+ Ke7 36. h4 Rxa3 37. Qg5+ Qxg5 38. hxg5 Rc3 39. Rd2 Ra2 40. Rc1 Nb3
41. Bb1 Rxc1+ 42. Rd1 Rxd1# 0-1

[Event "Departementale Loire"]
[Site "?"]
[Date "2003.12.14"]
[Round "1"]
[White "Bec, William"]
[Black "Delabre, Jerome"]
[Result "1-0"]
[WhiteElo "2089"]
[BlackElo "1200"]
[PlyCount "71"]

1. Nf3 d6 2. d4 Nf6 3. c4 Nbd7 4. Nc3 b6 5. e4 Bb7 6. Qc2 e5 7. d5 Nc5 8. b4
Ncd7 9. Rb1 Be7 10. Be2 Rb8 11. O-O O-O 12. h3 a6 13. Be3 Bc8 14. Nd2 Ne8 15.
Bg4 Bg5 16. Bxg5 Qxg5 17. Nf3 Qf4 18. Ne2 Qh6 19. Ng3 g6 20. c5 Nef6 21. cxd6
cxd6 22. Qc6 Rd8 23. Qxd6 Nxg4 24. hxg4 Qf8 25. Qxf8+ Kxf8 26. g5 Re8 27. Rfc1
f6 28. gxf6 Nxf6 29. Rc7 Re7 30. Rxe7 Kxe7 31. Nxe5 Bd7 32. Rc1 Rc8 33. Rxc8
Bxc8 34. f4 a5 35. bxa5 bxa5 36. Nc6+ 1-0

[Event "Departementale Loire"]
[Site "?"]
[Date "2003.12.14"]
[Round "1"]
[White "Benchegra, Mohamed"]
[Black "Simon, Joel"]
[Result "0-1"]
[WhiteElo "1499"]
[BlackElo "1630"]
[PlyCount "95"]

1. e4 d6 2. d4 Nf6 3. Nc3 g6 4. Bc4 Bg7 5. Nf3 O-O 6. O-O Nxe4 7. Nxe4 d5 8.
Bxd5 Qxd5 9. Nc3 Qd8 10. Bf4 Bg4 11. Nb5 Na6 12. c3 c6 13. Na3 Nc7 14. Bxc7
Qxc7 15. Qd3 Rad8 16. Rfe1 e6 17. Qe3 Bxf3 18. Qxf3 Rd5 19. Nc4 b5 20. Ne3 Rdd8
21. b4 a5 22. a3 a4 23. Ng4 Rd5 24. Ne3 Rfd8 25. Nxd5 cxd5 26. Re3 Qc4 27. Qe2
Qc6 28. Re1 Bh6 29. Rh3 Bg7 30. Qd3 Rc8 31. f4 Qd6 32. Rf1 Rc4 33. Qe3 Qc7 34.
Rc1 Bxd4 35. cxd4 Rxc1+ 36. Kf2 Qc2+ 37. Qe2 Qf5 38. Qxb5 Qxf4+ 39. Rf3 Qxd4+
40. Kg3 Qe5+ 41. Kh3 Rc7 42. Qe8+ Kg7 43. Qxa4 d4 44. Qb3 Rc3 45. Qb2 Rxf3+ 46.
gxf3 Qf4 47. Kg2 e5 48. b5 0-1

[Event "Departementale Loire"]
[Site "?"]
[Date "2003.12.14"]
[Round "1"]
[White "Pareux, Marc"]
[Black "Gregoire, Patrick"]
[Result "1-0"]
[WhiteElo "1570"]
[BlackElo "1499"]
[PlyCount "59"]

1. d4 d5 2. e4 Nc6 3. e5 e6 4. Be3 Nge7 5. f4 Nf5 6. Bf2 Be7 7. Nf3 f6 8. c3 b6
9. Bd3 Bb7 10. Nbd2 a6 11. O-O b5 12. Qe2 Na5 13. exf6 Bxf6 14. Qxe6+ Ne7 15.
Ne5 Bxe5 16. Qxe5 Qd7 17. Bh4 O-O-O 18. Qxe7 Qxe7 19. Bxe7 Rd7 20. Bf5 Bc6 21.
g4 Kb7 22. Bxd7 Bxd7 23. h3 Nc6 24. Bc5 a5 25. Rae1 b4 26. Nf3 Re8 27. Rxe8
Bxe8 28. Re1 Bg6 29. f5 Bf7 30. Ng5 1-0

[Event "Departementale Loire"]
[Site "?"]
[Date "2003.12.14"]
[Round "1"]
[White "Bonnet, Mickael"]
[Black "Deville, Olivier"]
[Result "0-1"]
[WhiteElo "1299"]
[BlackElo "2040"]
[PlyCount "122"]

1. Nf3 d5 2. g3 Bf5 3. Bg2 e6 4. O-O Nd7 5. d3 Ngf6 6. Bg5 h6 7. Bxf6 Nxf6 8.
Nc3 c5 9. b3 Be7 10. d4 Rc8 11. Na4 cxd4 12. Qxd4 a6 13. Nh4 Bxc2 14. Rac1 O-O
15. Qa7 b5 16. Qxa6 bxa4 17. Qxa4 Be4 18. Rxc8 Qxc8 19. Bxe4 Nxe4 20. Nf3 Qa8
21. Qd7 Bf6 22. a4 Qb8 23. Rb1 Nc3 24. Rb2 Nxa4 25. Ra2 Nc5 26. Qa7 Qxa7 27.
Rxa7 Nxb3 28. e3 Nc5 29. Ra5 Ne4 30. h4 Rc8 31. Nh2 h5 32. f3 Nxg3 33. Kf2 Bxh4
34. Kg2 g6 35. Kh3 g5 36. f4 Ne4 37. fxg5 Bxg5 38. Nf3 Bxe3 39. Ra3 Ng5+ 40.
Kg3 Nxf3 41. Kxf3 d4 42. Ra2 Rc1 43. Rh2 Rf1+ 44. Ke4 Rf4+ 45. Kd3 h4 46. Rg2+
Kh7 47. Rg5 Kh6 48. Rg8 Kh5 49. Rh8+ Kg4 50. Rg8+ Kf3 51. Rh8 Kg3 52. Rg8+ Rg4
53. Rf8 h3 54. Ke2 h2 55. Rh8 Rh4 56. Rg8+ Kh3 57. Kf3 h1=Q+ 58. Ke2 Qh2+ 59.
Kd3 Qd2+ 60. Kc4 d3+ 61. Kb5 Qc3 0-1

[Event "Departementale Loire"]
[Site "?"]
[Date "2003.12.14"]
[Round "1"]
[White "Chabas, Jean-Luc"]
[Black "Chalendar, Antoine"]
[Result "1-0"]
[WhiteElo "1610"]
[BlackElo "1299"]
[PlyCount "85"]

1. e4 e5 2. Nf3 d6 3. d4 exd4 4. Nxd4 Nf6 5. Nc3 Be7 6. Bd3 O-O 7. O-O b6 8.
Bd2 Bb7 9. f3 d5 10. Nf5 dxe4 11. Nxe4 Bxe4 12. Bxe4 Nxe4 13. Nxe7+ Qxe7 14.
fxe4 Qxe4 15. Bc3 Qe6 16. Re1 Qd7 17. Qf3 Nc6 18. Rad1 Qc8 19. Qxc6 h6 20. Re7
Rd8 21. Rxd8+ Qxd8 22. Qd7 Qxd7 23. Rxd7 Rc8 24. Be5 c5 25. Rxa7 Re8 26. Bc3
Re2 27. Rb7 Rxc2 28. Rxb6 Rc1+ 29. Kf2 g5 30. Rxh6 Kf8 31. Rc6 g4 32. Rxc5 Rh1
33. Kg3 Rg1 34. Rg5 Ra1 35. a3 Rd1 36. Rxg4 Rd7 37. h4 Rc7 38. Rf4 Kg8 39. Kg4
Kh7 40. Kf5 Rc6 41. g4 Kh6 42. Re4 Ra6 43. Re8 1-0

[Event "Departementale Loire"]
[Site "?"]
[Date "2003.12.14"]
[Round "1"]
[White "Bonnevialle, Benjamin"]
[Black "Barthelemy, Jerome"]
[Result "0-1"]
[WhiteElo "1299"]
[BlackElo "1450"]
[PlyCount "76"]

1. e4 c5 2. Nf3 e6 3. Bd3 Nc6 4. Nc3 a6 5. O-O Qc7 6. g3 Nf6 7. b3 Be7 8. Ba3
b5 9. Ne2 O-O 10. Nf4 e5 11. Nd5 Nxd5 12. exd5 Nd8 13. Be4 d6 14. Qe2 Nb7 15.
Qd3 f5 16. Ne1 fxe4 17. Qxe4 Bf5 18. Qe3 Qd7 19. Nf3 Bh3 20. Rfe1 Qf5 21. Nh4
Bxh4 22. gxh4 Qg4+ 23. Qg3 Qxg3+ 24. hxg3 Rf6 25. Re4 Raf8 26. Kh2 Bf5 27. Re2
Bg4 28. Re3 Rxf2+ 29. Kg1 Bh3 30. Rae1 Rg2+ 31. Kh1 Rff2 32. b4 c4 33. c3 Bg4
34. Bb2 Rxd2 35. Ba3 Rh2+ 36. Kg1 Rdg2+ 37. Kf1 Bf3 38. R1e2 Rh1# 0-1

[Event "Departementale Loire"]
[Site "?"]
[Date "2003.12.14"]
[Round "1"]
[White "Gidrol, Thibault"]
[Black "Barbier, Thomas"]
[Result "1-0"]
[WhiteElo "1280"]
[BlackElo "1199"]
[PlyCount "81"]

1. e4 d5 2. d4 dxe4 3. Bc4 Bf5 4. Nd2 e6 5. f3 e3 6. Nb3 Bd6 7. Bxe3 Nf6 8. Na5
O-O 9. Nxb7 Qd7 10. Na5 Nc6 11. Nxc6 Qxc6 12. Bb3 Nd5 13. Bd2 Nf4 14. g3 Ng2+
15. Kf2 Bh3 16. Nxh3 e5 17. dxe5 Bxe5 18. Kxg2 Bxb2 19. Rb1 Be5 20. Bb4 Rfd8
21. Qe1 Bf6 22. c4 Rd3 23. Bd1 Qxc4 24. Bb3 Qc6 25. Rf1 Re8 26. Qf2 Bd4 27. Qc2
Qb5 28. Bc4 Rd2+ 29. Bxd2 Qe5 30. Rbe1 h6 31. Rxe5 Bxe5 32. Qe4 c5 33. Bb5 Re7
34. Bd3 g6 35. Qa8+ Kg7 36. Re1 Rc7 37. Rxe5 c4 38. Bc2 c3 39. Bf4 g5 40. Rxg5+
hxg5 41. Bxc7 1-0

[Event "Departementale Loire"]
[Site "?"]
[Date "2003.12.14"]
[Round "1"]
[White "Carrot, Patrick"]
[Black "Mialon, Franck"]
[Result "1-0"]
[WhiteElo "1780"]
[BlackElo "1300"]
[PlyCount "64"]

1. f4 f5 2. Nf3 e6 3. b3 Nf6 4. Bb2 Be7 5. e3 O-O 6. c4 c6 7. Nc3 Ne4 8. Bd3
Nxc3 9. Bxc3 d5 10. O-O Nd7 11. cxd5 cxd5 12. Rc1 Bf6 13. Nd4 e5 14. Nxf5 e4
15. Bb1 Bxc3 16. Nh6+ gxh6 17. Rxc3 Qh4 18. d3 Rf5 19. dxe4 Rh5 20. h3 Qg3 21.
Qxh5 Nf6 22. Qf3 Qg7 23. e5 Ne4 24. Rd3 Bf5 25. Rxd5 Be6 26. Bxe4 Bxd5 27.
Bxd5+ Kh8 28. Qg3 Qd7 29. Qg4 Qc7 30. Qf5 Qg7 31. Rc1 Qg3 32. Rc7 Qxe3+ 1-0

[Event "Departementale Loire"]
[Site "?"]
[Date "2003.12.14"]
[Round "1"]
[White "Desassis, Jean-Francois"]
[Black "Gaillard, Pierre"]
[Result "1-0"]
[WhiteElo "1300"]
[BlackElo "1690"]
[PlyCount "77"]

1. d4 Nf6 2. Nc3 d5 3. e4 dxe4 4. f3 exf3 5. Nxf3 Nbd7 6. Bd3 g6 7. O-O Bg7 8.
Ne2 c5 9. c3 O-O 10. Qe1 cxd4 11. Nexd4 Nc5 12. Bc4 e6 13. Qh4 b6 14. Bh6 Bb7
15. Bxg7 Kxg7 16. Rad1 Qe7 17. b4 Nce4 18. Ng5 Nxg5 19. Qxg5 h6 20. Qh4 Rac8
21. Bb3 g5 22. Qe1 Rfe8 23. Ba4 Qc7 24. Bxe8 Rxe8 25. Nb5 Qc6 26. Qf2 Ng4 27.
Qxf7+ Kh8 28. Rd2 Qxb5 29. Qxb7 Qe5 30. g3 Qe3+ 31. Rdf2 Rf8 32. Qg2 Nxf2 33.
Rxf2 Qe1+ 34. Qf1 Qxf1+ 35. Kxf1 Re8 36. Rf7 a5 37. bxa5 bxa5 38. Kf2 Kg8 39.
Ra7 1-0

[Event "Departementale Loire"]
[Site "?"]
[Date "2003.12.14"]
[Round "1"]
[White "Megnot, Philippe"]
[Black "Desassis, Gregoire"]
[Result "0-1"]
[WhiteElo "1150"]
[BlackElo "1260"]
[PlyCount "84"]

1. e4 e6 2. Nc3 d5 3. exd5 exd5 4. d4 Bd6 5. Nf3 Nf6 6. Bg5 O-O 7. Nxd5 Re8+ 8.
Be2 Be6 9. Nxf6+ gxf6 10. Bh4 Bc4 11. Ng1 Nc6 12. b3 Bb4+ 13. Kf1 Bxe2+ 14.
Nxe2 Nxd4 15. Qxd4 Qxd4 16. Nxd4 Bc3 17. Rd1 Rad8 18. Bxf6 Rd6 19. g3 Rxf6 20.
Nb5 Ba5 21. Kg2 c6 22. Nd6 Re2 23. Rhf1 Bb6 24. Nxb7 Bxf2 25. Kh1 Kg7 26. Na5
Bxg3 27. Rxf6 Rxh2+ 28. Kg1 Kxf6 29. Rd6+ Bxd6 30. Nxc6 Rxc2 31. Nxa7 Bc5+ 32.
Kf1 Bxa7 33. a4 Ke5 34. b4 Kd4 35. b5 Ke3 36. a5 Ra2 37. b6 Bxb6 38. axb6 Rb2
39. b7 Rxb7 40. Kg2 f5 41. Kg3 Rg7+ 42. Kh4 f4 0-1

[Event "Departementale Loire"]
[Site "?"]
[Date "2003.12.14"]
[Round "1"]
[White "Desassis, Maxence"]
[Black "Montroussier, Jacques"]
[Result "1-0"]
[WhiteElo "1290"]
[BlackElo "1560"]
[PlyCount "125"]

1. e4 e6 2. d4 d5 3. e5 c5 4. Nf3 cxd4 5. Nxd4 Ne7 6. Bg5 Qb6 7. c3 Qxb2 8. Nd2
Bd7 9. Be2 Qxc3 10. Nb5 Qxe5 11. Nf3 Qe4 12. Nd6+ Kd8 13. Nxe4 dxe4 14. Ne5 Ke8
15. Nxd7 Nxd7 16. Bb5 Nd5 17. Qa4 N5b6 18. Qxe4 Be7 19. Qxb7 Bxg5 20. Rd1 Rd8
21. Qxa7 Ke7 22. O-O Nd5 23. Qa3+ Kf6 24. Qf3+ Ke7 25. Bc4 Ne5 26. Qa3+ Kf6 27.
g3 Nxc4 28. Qc5 Rc8 29. Qd4+ Kg6 30. h4 Bf6 31. Qe4+ Kh6 32. f4 Bxh4 33. gxh4
Nce3 34. Qe5 g6 35. Qg5+ Kg7 36. h5 Nxf1 37. Rxf1 Ne3 38. Re1 Nf5 39. h6+ Nxh6
40. Qe5+ Kg8 41. Qg5 Nf5 42. Qf6 h5 43. Re2 h4 44. Rh2 h3 45. Kf2 Rc2+ 46. Kg1
Ne3 47. Qd8+ Kg7 48. Qd4+ f6 49. Qxe3 Rxh2 50. Kxh2 Re8 51. Qa7+ Kh6 52. Qe3 f5
53. Qxh3+ Kg7 54. Qc3+ Kf7 55. Qc7+ Kg8 56. Qe5 Kf7 57. Qc7+ Re7 58. Qe5 Ra7
59. Qb2 Rd7 60. Kg3 Rd3+ 61. Kg2 Rd7 62. a4 Ra7 63. Qb5 1-0

[Event "Departementale Loire"]
[Site "?"]
[Date "2003.12.14"]
[Round "2"]
[White "Deville, Olivier"]
[Black "Testard, Philippe"]
[Result "1/2-1/2"]
[WhiteElo "2040"]
[BlackElo "2040"]
[PlyCount "38"]

1. e4 e5 2. Nc3 Nc6 3. Nf3 Nf6 4. d4 Bb4 5. dxe5 Nxe4 6. Qd3 d5 7. exd6 Bf5 8.
Bd2 Nxd6 9. Qe3+ Be6 10. O-O-O O-O 11. Kb1 Re8 12. Qf4 Qe7 13. Bd3 h6 14. g4 g5
15. Qg3 Nc4 16. Bxc4 Bxc4 17. h4 Qc5 18. hxg5 Qa5 19. a3 Bxa3 1/2-1/2

[Event "Departementale Loire"]
[Site "?"]
[Date "2003.12.14"]
[Round "2"]
[White "Celette, Robert"]
[Black "Chabas, Jean-Luc"]
[Result "1-0"]
[WhiteElo "2080"]
[BlackElo "1610"]
[PlyCount "111"]

1. e4 e5 2. Nf3 Nc6 3. Bb5 a6 4. Ba4 d6 5. O-O Nf6 6. d4 b5 7. dxe5 dxe5 8.
Qxd8+ Kxd8 9. Bb3 Ke8 10. Nc3 h6 11. Nd5 Bd6 12. Nxf6+ gxf6 13. Bd5 Bd7 14. c3
Rb8 15. a4 Ne7 16. axb5 axb5 17. Be3 Nxd5 18. exd5 f5 19. Ba7 Rb7 20. Bd4 Ke7
21. Bxe5 Rg8 22. Rfe1 Bxe5 23. Nxe5 f6 24. Nxd7+ Kxd7 25. Ra6 Rf8 26. Ree6 Rbb8
27. Rxf6 Rfe8 28. Rfe6 h5 29. f4 Ra8 30. Kf2 Rxa6 31. Rxa6 Re4 32. g3 Rc4 33.
Ke3 Re4+ 34. Kd3 Re1 35. Kd2 Rh1 36. h4 Rg1 37. Rg6 Rg2+ 38. Kc1 Rg1+ 39. Kc2
Rg2+ 40. Kb3 Rd2 41. Rg5 Rd3 42. Rxf5 Rxg3 43. Rxh5 Rg4 44. Rf5 Rxh4 45. Kb4
Rh2 46. b3 Rh8 47. Kxb5 Rh3 48. Kb4 Rf3 49. c4 Rh3 50. c5 Rh7 51. Kc4 Re7 52.
c6+ Kd8 53. Rf8+ Re8 54. Rxe8+ Kxe8 55. d6 cxd6 56. Kd5 1-0

[Event "Departementale Loire"]
[Site "?"]
[Date "2003.12.14"]
[Round "2"]
[White "Barthelemy, Jerome"]
[Black "Chomier, Frederic"]
[Result "1/2-1/2"]
[WhiteElo "1450"]
[BlackElo "2050"]
[PlyCount "71"]

1. c4 e6 2. d4 d5 3. cxd5 exd5 4. Nc3 c6 5. Nf3 Nf6 6. Bg5 Be7 7. e3 Bf5 8. Bd3
Bg4 9. Be2 Nbd7 10. O-O O-O 11. Qc2 Re8 12. Rab1 Rc8 13. b4 a6 14. a4 Bh5 15.
Rfc1 Nb6 16. b5 axb5 17. axb5 Bg6 18. Bd3 Bxd3 19. Qxd3 Nc4 20. bxc6 bxc6 21.
Rb7 Rb8 22. Rcb1 Rxb7 23. Rxb7 Qa8 24. Qb1 Qa5 25. Na2 Bd6 26. Bxf6 gxf6 27.
Nb4 Qa4 28. Nd3 Ra8 29. g3 Qa3 30. Nc5 Qc3 31. Kg2 Ra1 32. Qf5 Qc1 33. Kh3 Qb1
34. Qc8+ Kg7 35. Qd7 Qg6 36. Ne6+ 1/2-1/2

[Event "Departementale Loire"]
[Site "?"]
[Date "2003.12.14"]
[Round "2"]
[White "Boblin, Laurent"]
[Black "Gidrol, Thibault"]
[Result "1-0"]
[WhiteElo "1940"]
[BlackElo "1280"]
[PlyCount "43"]

1. e4 e5 2. Nf3 Nc6 3. d4 d6 4. Bc4 Nf6 5. Nc3 Be7 6. h3 O-O 7. O-O a6 8. Re1
Na5 9. Bd3 Nc6 10. Be3 b5 11. a3 Be6 12. d5 Bxh3 13. gxh3 Na5 14. Kh2 Qc8 15.
Rg1 c6 16. Bh6 Nh5 17. Nh4 Bxh4 18. Qxh5 Bf6 19. Bxg7 Bxg7 20. Qg5 Qg4 21. Rxg4
cxd5 22. Qxg7# 1-0

[Event "Departementale Loire"]
[Site "?"]
[Date "2003.12.14"]
[Round "2"]
[White "Mialon, Franck"]
[Black "Petit, Didier"]
[Result "0-1"]
[WhiteElo "1300"]
[BlackElo "1920"]
[PlyCount "40"]

1. e4 e6 2. d4 d5 3. Nc3 dxe4 4. Nxe4 Nd7 5. Bd3 Ngf6 6. Bg5 Be7 7. Qd2 h6 8.
Be3 Nd5 9. a3 Nxe3 10. fxe3 b6 11. O-O-O Bb7 12. Rf1 c5 13. Qf2 O-O 14. dxc5
Nxc5 15. Nxc5 Bxc5 16. Rd1 Qg5 17. Re1 Qxg2 18. Nh3 Qxf2 19. Nxf2 Bxh1 20. Rxh1
Bxe3+ 0-1

[Event "Departementale Loire"]
[Site "?"]
[Date "2003.12.14"]
[Round "2"]
[White "Clement, Paul"]
[Black "Desassis, Jean-Francois"]
[Result "1-0"]
[WhiteElo "1850"]
[BlackElo "1300"]
[PlyCount "77"]

1. Nf3 d5 2. g3 Nc6 3. d4 Nf6 4. Bg2 Bg4 5. Bf4 e6 6. h3 Bxf3 7. exf3 Bd6 8.
Bg5 h6 9. Bxf6 Qxf6 10. c3 Ne7 11. Qe2 c5 12. dxc5 Bxc5 13. Qb5+ Nc6 14. Qxc5
Qe5+ 15. Qe3 O-O 16. O-O Rad8 17. f4 Qc7 18. Na3 d4 19. cxd4 Nxd4 20. Rac1 Qb6
21. Nc4 Qa6 22. Kh2 b5 23. Ne5 Qxa2 24. Rfd1 Qxb2 25. Rb1 Qc2 26. Be4 Qc5 27.
Nc6 Rd6 28. Nxd4 Rfd8 29. Nc2 Rxd1 30. Rxd1 Qc7 31. Rxd8+ Qxd8 32. Qxa7 f5 33.
Bg2 Qd2 34. Qc5 Kh7 35. Bf1 g5 36. Bxb5 Kg6 37. Be8+ Kg7 38. Qc7+ Kf6 39. Qf7#
1-0

[Event "Departementale Loire"]
[Site "?"]
[Date "2003.12.14"]
[Round "2"]
[White "Desassis, Gregoire"]
[Black "Adamus, Jeremy"]
[Result "0-1"]
[WhiteElo "1260"]
[BlackElo "1780"]
[PlyCount "76"]

1. d4 d5 2. c4 e6 3. Nc3 Nf6 4. Bg5 Be7 5. e3 O-O 6. Bd3 Nbd7 7. e4 dxe4 8.
Nxe4 Nxe4 9. Bxe7 Qxe7 10. Bxe4 Qb4+ 11. Qd2 Qxc4 12. Rc1 Qxa2 13. Rxc7 Nf6 14.
Bxb7 Bxb7 15. Rxb7 Qb1+ 16. Qd1 Qe4+ 17. Ne2 Qxg2 18. Rg1 Qxb7 19. Qd2 Qe4 20.
Rxg7+ Kxg7 21. Qg5+ Qg6 22. Qe5 Qb1+ 23. Kd2 Qxb2+ 24. Ke3 Qb3+ 25. Kf4 h6 26.
Ng3 Kg6 27. h4 Nd5+ 28. Kg4 f5+ 29. Kh3 Rf6 30. h5+ Kf7 31. Kg2 Rg8 32. Qd6 f4
33. Qd7+ Ne7 34. Qd6 fxg3 35. fxg3 Qd5+ 36. Kh2 Rf2+ 37. Kh3 Qg2+ 38. Kh4 Nf5#
0-1

[Event "Departementale Loire"]
[Site "?"]
[Date "2003.12.14"]
[Round "2"]
[White "Bazoux, Sebastien"]
[Black "Desassis, Maxence"]
[Result "0-1"]
[WhiteElo "1530"]
[BlackElo "1290"]
[PlyCount "86"]

1. e4 c6 2. Nf3 d5 3. e5 Bf5 4. d4 e6 5. a3 f6 6. Bf4 c5 7. c3 a6 8. Nh4 Be4 9.
Bg3 Qb6 10. Qd2 c4 11. f3 Bg6 12. Nxg6 hxg6 13. Qc2 g5 14. Nd2 Nc6 15. b3 cxb3
16. Qxb3 Qxb3 17. Nxb3 b5 18. a4 b4 19. Rc1 Nh6 20. Be2 Nf5 21. Bf2 fxe5 22.
dxe5 Nxe5 23. O-O Bd6 24. g3 a5 25. cxb4 Bxb4 26. Bd4 Nxd4 27. Nxd4 Bd2 28.
Bb5+ Kf7 29. Rc7+ Kf6 30. Kg2 Rh7 31. f4 gxf4 32. gxf4 Ng6 33. f5 Nf4+ 34. Kg3
Rh3+ 35. Kg4 Rah8 36. Rf7+ Kxf7 37. fxe6+ Kf6 38. Nf3 R8h6 39. Bd3 Nxd3 40.
Ng5+ Nf4 41. Nxh3 Rxh3 42. Rxf4+ Bxf4 43. Kxh3 Kxe6 0-1

[Event "Departementale Loire"]
[Site "?"]
[Date "2003.12.14"]
[Round "2"]
[White "Simon, Joel"]
[Black "Goudet, Maxence"]
[Result "1-0"]
[WhiteElo "1630"]
[BlackElo "1070"]
[PlyCount "87"]

1. d4 d5 2. e4 dxe4 3. Nc3 Bf5 4. g4 Bg6 5. f3 exf3 6. Qxf3 Nc6 7. Bb5 Qd7 8.
d5 O-O-O 9. dxc6 Qe6+ 10. Be3 b6 11. Nge2 Nf6 12. h3 h5 13. Nf4 Qe5 14. Kf2
hxg4 15. Nxg6 fxg6 16. Ba6+ Kb8 17. hxg4 Rh2+ 18. Rxh2 Qxh2+ 19. Kf1 Qxc2 20.
Bf4 e6 21. Bxc7+ Kxc7 22. Nb5+ Kb8 23. c7+ Qxc7 24. Nxc7 Kxc7 25. Qb7+ Kd6 26.
Rd1+ Ke5 27. Rxd8 Bc5 28. Qxg7 Bd4 29. Rxd4 Kxd4 30. Qxf6+ e5 31. Ke2 g5 32.
Qxg5 e4 33. Qe3+ Ke5 34. Bc8 a5 35. a3 b5 36. Qc5+ Kf4 37. Qxb5 e3 38. Qd5 a4
39. Qf3+ Kg5 40. Kxe3 Kh4 41. g5 Kxg5 42. Ba6 Kh4 43. Qg2 Kh5 44. Kf4 1-0